| 000 | 00556nam a22002057a 4500 | ||
|---|---|---|---|
| 003 | OSt | ||
| 005 | 20250415194717.0 | ||
| 008 | 250415b |||||||| |||| 00| 0 eng d | ||
| 022 | _a9788175347502 | ||
| 040 | _cDelhi, Universal Law Publishing Co Pvt Ltd | ||
| 050 | _aK487 | ||
| 100 | _aMohan, Arun | ||
| 245 | _aTerrorism and the topic of Dishonoured Cheques | ||
| 260 |
_aDelhi: _bUniversal Law Publishing Co Pvt Ltd _cc 2009 |
||
| 300 | _axiv, 130pp | ||
| 490 | _3Law | ||
| 500 | _aIncludes Publisher's Note | ||
| 600 | _2Law | ||
| 942 |
_2lcc _cBK _n0 |
||
| 999 |
_c5486 _d5486 |
||